000 00446nam a2200181Ia 4500
001 8481
005 20260306160612.0
008 260306t2013||||xx |||||||||||||| ||spa||
041 _aESP
082 _a371.1
_bL585
100 _aLumia, María Alejandra
_eAUT
245 0 _aHerramientas para enseñar a trabajar en grupos
260 _c2013
300 _a127 páginas :
_c20 cm.
650 _aGEN
654 _aCED
942 _cLIB
_dJUS
_fJUS
_2ddc
_n
999 _c8481
_d8481